Antología poética para jóvenes
Na minha lista:
| Autor principal: | |
|---|---|
| Formato: | Livro |
| Idioma: | espanhol |
| Publicado em: |
Santiago
Zig-Zag
1994
|
| Edição: | 6a. ed |
| Assuntos: | |
| Tags: |
Adicionar Tag
Sem tags, seja o primeiro a adicionar uma tag!
|
MARC
| LEADER | 00000cam a2200000 a 4500 | ||
|---|---|---|---|
| 001 | UCD0939 | ||
| 003 | CL-VaPUC | ||
| 008 | 151231e19940000cl |||||||||||||||||spa|d | ||
| 020 | |a 9561208849 | ||
| 082 | 0 | 4 | |a 808.81 |b MON |2 21 |
| 100 | |a Montes Brunet, Hugo |e autor |9 416030 | ||
| 245 | 1 | 0 | |a Antología poética para jóvenes |
| 250 | |a 6a. ed | ||
| 300 | |a 174 p | ||
| 942 | |c BK | ||
| 945 | |d 20151231 00:34:00 |a dcastane | ||
| 260 | |a Santiago |b Zig-Zag |c 1994 | ||
| 650 | 0 | |a Poesías hispanoamericanas |9 267672 | |
| 650 | 0 | |a Antologías |9 309836 | |
| 583 | |a last modification |c 20151231 00:34:00 |k Rodrigo Vera | ||
| 999 | |c 362372 |d 362370 | ||